| 000 | 00877nam a22002537a 4500 | ||
|---|---|---|---|
| 001 | 7741 | ||
| 003 | FISKH | ||
| 005 | 20250801153246.0 | ||
| 008 | 250801b cb ||||| |||| 00| 0 eng d | ||
| 020 | _a9781404257627 | ||
| 040 |
_aFISKH _beng _cFISKH _dFISKH |
||
| 050 | _aPZ10.W1295 .O366 | ||
| 082 | _a567.9129 | ||
| 100 | _aO'Donnell , Kerri | ||
| 245 |
_aA giraffe can laugh / _cBy Kerri O'Donnell |
||
| 260 |
_aNew York : _bRosen Classroom Books & Materials , _c2007. |
||
| 300 |
_a8 pages : _bcolor illustrations ; _c21 cm . |
||
| 505 | _aAA | ||
| 520 | _aFeaturing high-frequency words, pictures that are tightly correlated to the text, and a charming story, this leveled fiction reader will help emerging readers built early literacy skills. | ||
| 521 | 8 |
_a10
_bLexile |
|
| 521 | 8 |
_aAA
_bRaz-Plus |
|
| 942 |
_2ddc _cBK _n0 |
||
| 999 |
_c7741 _d7741 |
||